Loading...
| Fine Arts - Painting and Sculpture | 0 | 6 | 1 | 2 | 55 | 30 | 86.50 | 1 | 3 | 0.00 | 0.00 |
| Literature - European | 0 | 5 | 0 | 1 | 50 | 38 | 89.00 | 1 | 4 | 0.00 | 0.00 |
| History - American | 0 | 5 | 0 | 0 | 50 | 73 | 114.00 | 0 | 2 | 0.00 | 0.00 |
| History - Other | 0 | 4 | 0 | 0 | 40 | 91 | 92.75 | 0 | 1 | 0.00 | 0.00 |
| Literature - World | 0 | 4 | 0 | 0 | 40 | 89 | 106.25 | 1 | 2 | 0.00 | 0.00 |
| History - World | 0 | 4 | 1 | 2 | 35 | 64 | 103.75 | 0 | 2 | 0.00 | 0.00 |
| Literature - British | 0 | 5 | 3 | 1 | 35 | 88 | 111.20 | 0 | 1 | 0.00 | 0.00 |
| Literature - American | 0 | 4 | 1 | 0 | 35 | 50 | 93.75 | 1 | 2 | 0.00 | 0.00 |
| Fine Arts - Classical Music | 0 | 3 | 0 | 0 | 30 | 89 | 120.67 | 0 | 1 | 0.00 | 0.00 |
| Fine Arts - Other | 0 | 3 | 0 | 2 | 30 | 45 | 104.00 | 1 | 2 | 0.00 | 0.00 |
| Mythology | 0 | 3 | 1 | 2 | 25 | 97 | 119.00 | 0 | 1 | 0.00 | 0.00 |
| Philosophy | 0 | 2 | 1 | 1 | 15 | 72 | 99.00 | 0 | 0 | 0.00 | 0.00 |
| History - European | 0 | 2 | 1 | 1 | 15 | 76 | 102.00 | 0 | 0 | 0.00 | 0.00 |
| Social Science | 0 | 1 | 0 | 0 | 10 | 80 | 80.00 | 0 | 0 | 0.00 | 0.00 |
| Geography | 0 | 1 | 0 | 0 | 10 | 68 | 68.00 | 0 | 0 | 0.00 | 0.00 |
| Pop Culture | 0 | 1 | 0 | 0 | 10 | 136 | 136.00 | 0 | 1 | 0.00 | 0.00 |
| Science - Biology | 0 | 0 | 0 | 0 | 0 | 0.00 | 0 | 0 | 0.00 | 0.00 | |
| Religion | 0 | 0 | 4 | 0 | -20 | 0.00 | 0 | 0 | 0.00 | 0.00 |